Model sebahodnotenia práce školy

Externé hodnotenie kvality školy a podporujúce sebahodnotiacie procesy a rozvoj školy. Projekt, ktorý realizuje Štátna školská inšpekcia od roku 2009 a v septembri 2013 ho ukončí.

Gespeichert in:
Bibliographische Detailangaben
1. Verfasser: Braunová, Jarmila
Format: Buchkapitel
Sprache:Slowakisch
Schlagworte:
Tags: Tag hinzufügen
Keine Tags, Fügen Sie das erste Tag hinzu!

MARC

LEADER 00000naa a2200000 4500
001 0174224
005 20241118104158.1
041 0 |a slo 
044 |a SK 
245 1 0 |a Model sebahodnotenia práce školy  |c Jarmila Braunová 
520 |a Externé hodnotenie kvality školy a podporujúce sebahodnotiacie procesy a rozvoj školy. Projekt, ktorý realizuje Štátna školská inšpekcia od roku 2009 a v septembri 2013 ho ukončí. 
610 2 0 |a manažment 
610 2 0 |a školy 
610 2 0 |a školstvo 
610 2 0 |a projekty 
610 2 0 |a kvalita vzdelávania 
610 2 0 |a sústava výchovno-vzdelávacia 
610 2 0 |a modely 
610 2 0 |a Štátna školská inšpekcia 
100 1 |a Braunová, Jarmila